00461nam a2200133 a 4500008004100000050002300041110004900064245007100113260005100184300001400235350000900249650003700258710003200295090618s1973 ||||||||||||||||| || u aGOV.ZAM(02)1973/11 aGovernment of the Republic of Zimbabwe (GRZ)10aRhodesia national bibliography 1972cNational Archives of Rhodesia aSalisburybNational Archives of Rhodesiac1973 aiii, 23p. a0.00 aBIBLIOGRAPHY, NATIONAL--ZIMBABWE aZimbabwe. National Archives